Представление документа в формате RUSMARC

ПолеНазваниеЗначение
  Тип записи a
  Библиографический уровень m
001 Контрольный номер RU/SLIB/B/208781998
005 Дата корректировки 20201206204345.9
010 Индекс ISBN __
d Цена 150000-00
101 Язык документа __
a Язык текста ger
c Язык оригинала ger
200 Заглавие и сведения об ответственности 1_
a Заглавие Henri Matisse
e Сведения, относящиеся к заглавию Gemalde und Plastiken in den museen der Sovjetunion : [альбом]
f Первые сведения об ответственности [eingeleitet von A. Isergina ; ausgestalet A. Durandin]
b Общее обозначение материала Текст
205 Сведения об издании __
a Основные сведения об издании 3-е изд.
210 Выходные данные __
a Место издания Л.
c Издательство Аврора
d Дата издания 1986
215 Физическое описание __
a Объем 208 с.
c Иллюстрации/тип воспроизводства ил.
330 Аннотация __
a Аннотация Представлены картины и скульптуры Анри Матисса, хранящиеся в русских музеях.
517 Другие варианты заглавия __
a Другие варианты заглавия Живопись и скульптура в музеях Советского Союза
600 Персоналии __
a Персоналии (Фамилия) Матисс, А. Э. Б.
c Дополнение к имени художник
c Дополнение к имени скульптор
f Даты 1869-1954
g Полное имя Анри
601 Наименование организации как предмет __
a Наименование организации как предмет Музей изобразительных искусств им. А. С. Пушкина
601 Наименование организации как предмет __
a Наименование организации как предмет Эрмитаж
606 Тематические рубрики __
a Основная рубрика Изобразительное искусство и архитектура
y Географическая подрубрика Франция
606 Тематические рубрики __
a Основная рубрика История живописи
606 Тематические рубрики __
a Основная рубрика История скульптуры
610 Ключевые слова __
a Ключевые слова музейные коллекции; музейные выставки; картины; скульптуры; скульпторы; художники; музеи; французская живопись; французская скульптура
686 Индексы других классификаций __
a Классификационный индекс 85.143(4Фра)6-8я61
686 Индексы других классификаций __
a Классификационный индекс 85.133(4Фра)-8я6
702 Вторичная интеллектуальная ответственность _1
a Фамилия Изергина
b Имя А.
4 Код отношения Составитель
c Титул (звания) Исергина А.
4 Код отношения 220
702 Вторичная интеллектуальная ответственность _1
a Фамилия Дурандин
b Имя А.
4 Код отношения Иллюстратор
4 Код отношения 440
801 Источник записи _0
a Страна RU
b Организация Муниципальное бюджетное учреждение культуры "Централизованная библиотечная система" г. Сургут (Центральная городская библиотека им. А. С. Пушкина)
g Правила каталогизации КиК/Поспелова
801 Источник записи _1
a Страна RU
b Организация Муниципальное бюджетное учреждение культуры "Централизованная библиотечная система" г. Сургут (Центральная городская библиотека им. А. С. Пушкина)
g Правила каталогизации КиК/Поспелова
852 Данные о местонахождении __
j Шифр хранения 85.143(4Фра)6-8я61
c Каталожный индекс 85.143(4Фра)-8я6; 85.133(4Фра)-8я6
i Авторский знак M 39
p Инвентарный номер 55813
901 Тип документа 1_
t Тип документа m
903 Характеристики (МАРС) __
a Дата передачи 20051221
969 Тип издания __
a Тип издания альбом
990 Данные о заказе (DOS) __
j Количество экземпляров (DOS) 1
t N записи в КСУ для И/У (DOS) ретро